000 01728cam a2200133 4500500
005 20260329025508.0
041 _afre
042 _adc
100 1 0 _aCassan, Michel
_eauthor
245 0 0 _aLa France au 16e siècle
260 _bArmand Colin,
_c2005.
520 _aLe legs fait à la postérité par le XVIe est capital : confession protestante, réalisations artistiques et corpus d’idées et de théories politiques à l’étonnante vigueur.Le royaume connaît jusqu’aux années 1560 un climat de paix intérieure et de prospérité dans lequel s’épanouit la Renaissance. Cette période où fleurissent les arts et les lettres est pourtant aussi un temps d’angoisse, de doutes, d’interrogations sur le jugement dernier, le salut de l’âme.Elle voit l’éclatement des troubles religieux, après l’échec du roi pour éviter la guerre civile et le triomphe de l’intransigeance religieuse des hommes de dieu, bientôt mués en « fous de dieu ». Le royaume traverse alors quarante années, de tensions et de troubles civils, huit guerres, et affronte des massacres, le plus terrible - la Saint Barthélemy - étant perpétré à Paris en août 1572. Le conflit atteint son apogée de 1584 à 1594 avant qu’Henri de Navarre ne devienne un « roi de raison » accepté par l’écrasante majorité des Français. La soumission du dernier grand noble ligueur, le duc de Mercoeur, la publication de l’édit de Nantes et la signature de la paix de Vervins ferment au printemps 1598 un siècle de fer.Michel Cassan est professeur d’histoire moderne à l’université de Limoges.
856 4 1 _uhttps://shs.cairn.info/la-france-au-16e-siecle--9782200264024?lang=fr&redirect-ssocas=7080
999 _c1938264
_d1938264